[Event "FRA-chT Top 12 2019"]
[Site "Brest"]
[Date "2019.05.21"]
[Round "4.8"]
[White "Delorme, Axel"]
[Black "Skripchenko, Almira"]
[Result "1-0"]
[WhiteElo "2489"]
[BlackElo "2406"]
[Annotator "TA"]
[PlyCount "85"]
[EventDate "2019.05.18"]
[EventType "team-tourn"]
[EventCountry "FRA"]
[SourceTitle "playchess.com"]
[Source "ChessBase"]
[SourceQuality "1"]

{[%evp 16,97,28,16,10,25,11,17,12,12,11,13,46,8,46,10,23,0,16,11,21,20,36,24,56,48,87,41,56,46,47,40,65,35,114,117,127,79,77,78,125,73,75,76,110,68,130,128,141,103,473,471,739,579,584,549,552,450,823,799,951,697,1313,1298,1241,1112,1062,0,0,0,1408,1370,1299,1114,1274,1283,29986,29987,29991,29992,29994,29988,29995,29996]} 1. e4 c5 2. Nf3 e6 3. d4 cxd4 4. Nxd4 Nf6 5. Nc3 Nc6 6. Ndb5 Bb4 7. a3 Bxc3+ 8. Nxc3 d5 9. Bd3 d4 {B45: Sicilian Four Knights} 10. Ne2 e5 11. O-O O-O {The position is equal.} 12. h3 (12. Ng3 h6 13. Bd2 Be6 14. h3 Nd7 15. Qe2 Rc8 16. Rac1 Nc5 17. b4 Nxd3 18. cxd3 {0-1 (59) Sanal,V (2490)-Kovalenko,I (2657) St Petersburg 2018}) 12... Re8 13. Ng3 h6 14. Bd2 $146 ({Predecessor:} 14. Qf3 Qd6 15. Bd2 Ne7 16. Rae1 Bd7 17. Kh2 Rac8 {0-1 (53) Griffith,K (2315)-Thuesen,M (2169) Copenhagen 2016}) 14... a6 15. Qf3 Nh7 16. Nf5 Ng5 17. Qg4 Qf6 18. h4 Nh7 19. Rae1 Bxf5 20. exf5 Kh8 21. Re2 Qd6 22. Rfe1 Nf6 23. Qh3 Qc5 24. f3 Nd5 (24... e4 $14 25. fxe4 Ne5) 25. g4 $16 Ne3 26. Bxe3 dxe3 27. Rxe3 Red8 28. Qg2 (28. Kh1 $142) 28... Qb6 29. b3 {[%cal Bb2b3,Bb3b4,Bb4b5][%mdl 32]} Qc5 30. g5 Rd4 (30... Qxa3 $14 31. f6 gxf6) 31. b4 Qd6 32. Qg3 a5 $2 {[%mdl 8192]} (32... f6 $16 {is more resistant.}) 33. b5 $18 Rxd3 (33... Ne7 $142 34. Qxe5 Ng8 35. Qxd6 Rxd6) 34. cxd3 Nd4 35. Rxe5 {Threatens to win with Re8+.} Rg8 {Threatening ...f6.} 36. Qf2 b6 (36... f6 $142) 37. R1e4 Nb3 38. Qe3 f6 39. Re8 Qg3+ {[#]} 40. Kf1 $1 Qh3+ 41. Kg1 {White wants to mate with Rxg8+.} Qg3+ {[#]} 42. Kf1 $1 {Rxg8+ would kill now.} Qh3+ {[#]} 43. Ke1 {Played: Kf1-e2} 1-0

[Event "FRA-chT Top 12 2019"]
[Site "Brest"]
[Date "2019.05.21"]
[Round "4.8"]
[White "Milliet, Sophie"]
[Black "Nelis, Jean-Francois"]
[Result "1/2-1/2"]
[WhiteElo "2400"]
[BlackElo "2149"]
[Annotator "TA"]
[PlyCount "90"]
[EventDate "2019.05.18"]
[EventType "team-tourn"]
[EventCountry "FRA"]
[SourceTitle "playchess.com"]
[Source "ChessBase"]
[SourceQuality "1"]

{[%evp 20,90,55,62,63,42,120,120,131,61,65,68,48,12,22,12,34,0,0,0,0,0,0,-64,-54,-66,-50,-58,0,0,0,0,0,-21,0,-2,0,-87,-99,-76,-38,-49,-6,-6,-6,-6,45,0,0,0,0,0,0,0,0,0,0,0,0,0,0,0,0,0,0,0,0,0,0,0,0,0,0]} 1. e4 e6 2. d4 d5 3. Nc3 Bb4 4. e5 Ne7 5. a3 Bxc3+ 6. bxc3 b6 7. Qg4 Ng6 8. h4 h5 9. Qd1 Ba6 10. Bxa6 Nxa6 11. Bg5 Ne7 {C16: French: 3 Nc3 Bb4 4 e5: Lines without ...c5} (11... Qd7 12. Ne2 Ne7 13. Nf4 g6 14. Bf6 Rg8 15. Qd3 Qa4 16. O-O Rc8 17. Rfd1 c6 18. f3 Kd7 19. g4 hxg4 20. fxg4 {1-0 (83) Bosiocic,M (2602)-Movsesian,S (2679) Moscow 2017}) 12. Nh3 Nb8 ({Better is} 12... Qd7 $14) 13. Nf4 $16 g6 {White is better.} 14. O-O $146 (14. g4 $16) ({Predecessor:} 14. Bf6 Rg8 15. g4 hxg4 16. Qxg4 Nd7 17. Nxe6 fxe6 18. Qxe6 Nf8 19. Qxg8 Nxg8 20. Bxd8 Rxd8 {0-1 (31) Zuidema,C-Matanovic,A Belgrade 1964}) 14... Nbc6 {[%cal Bb8c6,Bc6a5,Ba5c4][%mdl 32]} 15. Bf6 Rg8 16. Qf3 Qd7 17. a4 Na5 18. Bxe7 Qxe7 19. c4 c6 $1 ({Reject} 19... Nxc4 $6 {[#]} 20. Nxd5 $1 {[%mdl 512]} exd5 21. Qxd5 $16) 20. cxd5 cxd5 21. c4 (21. c3 $11) 21... Nxc4 $15 22. Rfc1 {[#] aiming for Rxc4!} Rd8 23. Qg3 {With the idea Nxh5.} Rh8 (23... Kf8 $15) 24. Rc3 $11 Rc8 25. Nh3 Kd7 26. Qf4 Rc7 27. Ng5 Kc8 28. Rac1 (28. Rf3 $11 {keeps the balance.}) 28... Kb8 $17 29. Ne4 dxe4 (29... Qb4 {feels hotter.} 30. Qf6 Rf8 31. Ng5 Ka8 32. R3c2 Kb7) 30. Rxc4 Rhc8 31. Rxc7 Rxc7 32. Rxc7 Kxc7 (32... Qxc7 $11 33. Qxe4 Qd7) 33. Qxe4 $11 {[%mdl 4096] Endgame KQ-KQ} (33. d5 $5 {[%cal Rd5d6]} Kc8 34. Qxe4 $11) 33... Qd7 {The position is equal.} 34. Qf3 Kb8 35. Qa3 Kb7 36. Qb4 Ka6 37. Kh2 Kb7 38. f3 a5 39. Qf8 Kc6 40. Qa8+ Qb7 41. Qd8 {[%csl Ge5][%cal Rd8d6]} Qd7 42. Qa8+ Qb7 43. Qd8 {[%csl Ge5][%cal Rd8d6]} Qc7 44. Qa8+ Qb7 45. Qd8 {[%csl Ge5][%cal Rd8d6]} Qd7 {Accuracy: White = 62%, Black = 62%.} 1/2-1/2

[Event "FRA-chT Top 12 2019"]
[Site "Brest"]
[Date "2019.05.21"]
[Round "4.8"]
[White "Thomas, Anysia"]
[Black "Sebag, Marie"]
[Result "1/2-1/2"]
[WhiteElo "2178"]
[BlackElo "2476"]
[Annotator "TA"]
[PlyCount "79"]
[EventDate "2019.05.18"]
[EventType "team-tourn"]
[EventCountry "FRA"]
[SourceTitle "playchess.com"]
[Source "ChessBase"]
[SourceQuality "1"]

{[%evp 9,79,10,10,26,20,1,5,0,0,0,15,8,10,8,8,8,6,0,0,0,39,35,39,33,29,33,61,74,69,72,79,32,62,0,0,-33,70,0,0,-29,-33,-33,-20,-23,-22,-26,-29,-28,-27,-30,-20,-31,0,0,0,0,0,0,0,-16,0,0,0,0,0,0,0,0,0,0,0,0]} 1. d4 d5 2. c4 c6 3. cxd5 cxd5 4. Bg5 h6 5. Bh4 Qb6 6. Nc3 {D10: Slav Defence: 3 cxd5 (without early Nf3) and 3 Nc3} e6 7. Qd2 Ne7 8. Na4 $146 ({Predecessor:} 8. f3 Nbc6 9. Bf2 Nf5 10. Rd1 Bb4 11. a3 Bxc3 12. Qxc3 {0-1 (59) Mikhalevski,V (2579)-Dreev,A (2670) St Petersburg 2018}) 8... Qc6 9. Nc3 Bd7 10. Rc1 Nf5 11. Bg3 Qb6 12. Nf3 Nc6 {[%cal Rc6d4]} 13. e3 Nxg3 14. hxg3 f5 15. Nh4 Bd6 16. Ng6 Rg8 17. Be2 O-O-O 18. Nb5 Bf8 19. Nxf8 Rgxf8 20. O-O Kb8 21. a4 ({White should play} 21. Rc5 $14) 21... a6 $11 22. Na3 Na5 (22... Rc8 $1 $15) 23. Bd1 (23. b3 $1 $14) 23... Rc8 24. Rxc8+ Rxc8 25. b4 Nc4 26. Nxc4 $1 Rxc4 27. b5 $1 axb5 28. axb5 Qxb5 ({Worse is} 28... Bxb5 29. Be2 $16) 29. Be2 Qb4 30. Qa2 Rc8 31. Rb1 {The position is equal.} Qc3 32. Kh2 Bc6 33. Rb2 g5 34. Rc2 Qe1 35. Qa3 {[#] Black must now prevent Qd6+.} Qxf2 36. Qd6+ Rc7 37. Qd8+ Rc8 38. Qd6+ Rc7 39. Qd8+ Rc8 40. Qd6+ {Accuracy: White = 56%, Black = 62%.} 1/2-1/2

[Event "FRA-chT Top 12 2019"]
[Site "Brest"]
[Date "2019.05.21"]
[Round "4.8"]
[White "Verot, Melanie"]
[Black "Haussernot, Cecile"]
[Result "0-1"]
[WhiteElo "2069"]
[BlackElo "2097"]
[Annotator "NA RC"]
[PlyCount "114"]
[EventDate "2019.05.18"]
[EventType "team-tourn"]
[EventCountry "FRA"]
[SourceTitle "playchess.com"]
[Source "ChessBase"]
[SourceQuality "1"]
[TimeControl "40/5400+30:1800+30"]

1. d4 {[%emt 0:00:00]} d5 {[%emt 0:00:00]} 2. Nf3 {[%emt 0:00:00]} Nf6 {[%emt 0:00:00]} 3. Bf4 {[%emt 0:00:30]} c5 {[%emt 0:02:44]} 4. c3 {[%emt 0:01:00]} Qb6 {[%emt 0:00:49]} 5. Qc2 {[%emt 0:01:55]} Nc6 {[%emt 0:06:01]} 6. e3 {[%emt 0:01:41]} Bf5 {[%emt 0:12:11] D02: 1 d4 d5 2 Nf3 sidelines, including 2...Nf6 3 g3 and 2...Nf6 3 Bf4} (6... g6 7. Nbd2 Bg7 8. h3 O-O 9. Be2 Nd7 10. O-O e5 11. dxe5 Ndxe5 12. Nxe5 Nxe5 13. e4 dxe4 14. Nxe4 {½-½ (23) Laznicka,V (2668)-Nisipeanu,L (2674) Germany 2019}) 7. dxc5 {[%emt 0:01:12]} Bxc2 {[%emt 0:02:45]} 8. cxb6 {[%emt 0:00:13]} Bxb1 {[%emt 0:01:33]} 9. Rxb1 {[%emt 0:01:13]} axb6 {[%emt 0:00:07]} 10. Bb5 {[%emt 0:08:47]} Nd7 {[%emt 0:00:27]} 11. O-O {[%emt 0:09:28]} e6 {[%emt 0:04:00]} 12. Rfd1 $146 {[%emt 0:05:19]} ({Predecessor:} 12. a3 Be7 13. Nd4 Ncb8 14. Bxb8 Rxb8 15. Nf3 Bf6 16. Rfd1 Rd8 17. c4 Ke7 18. cxd5 exd5 19. Rxd5 Nc5 20. Rbd1 Bxb2 21. Rxd8 {½-½ (21) Hestehauge,K (1918)-Jensen,S (2008) Copenhagen 2017}) 12... Rxa2 {[%emt 0:12:38]} 13. c4 {[%emt 0:14:20]} (13. e4 $16 Nf6 14. exd5 Nxd5 15. Bc4) 13... dxc4 {[%emt 0:03:10]} 14. Bxc4 {[%emt 0:16:44]} Ra5 {[%emt 0:08:43]} 15. Ra1 {[%emt 0:08:48]} Bb4 {[%emt 0:01:00]} 16. Rxa5 {[%emt 0:02:56]} bxa5 {[%emt 0:00:27]} 17. Bb5 {[%emt 0:00:22]} Ke7 {[%emt 0:00:40]} 18. h4 {[%emt 0:01:12]} Nb6 {[%emt 0:03:30]} 19. e4 {[%emt 0:02:10]} Rc8 {[%emt 0:02:30]} 20. Be3 {[%emt 0:01:13]} Nd7 {[%emt 0:02:13]} 21. Ne1 {[%emt 0:02:41]} Nc5 {[%emt 0:05:00]} 22. f3 {[%emt 0:02:20]} Nb3 {[%emt 0:06:48]} 23. Kf1 {[%emt 0:06:06]} Ne5 {[%emt 0:02:49]} 24. Ba4 {[%emt 0:02:51]} Nc5 {[%emt 0:01:19]} 25. Bb5 {[%emt 0:00:33]} Nb3 {[%emt 0:05:23]} 26. Ba4 {[%emt 0:00:22]} Nc4 {[%emt 0:03:17]} 27. Rd7+ {[%emt 0:01:24]} Kf8 {[%emt 0:00:10]} 28. Bxb3 {[%emt 0:00:34]} Nxe3+ {[%emt 0:00:05]} 29. Kf2 {[%emt 0:00:34]} Bxe1+ {[%emt 0:01:41]} 30. Kxe3 {[%emt 0:00:27]} b5 {[%emt 0:00:34]} 31. Rb7 {[%emt 0:02:27]} Rc5 {[%emt 0:00:52]} 32. Rb8+ {[%emt 0:00:26]} Ke7 {[%emt 0:00:10]} 33. Rb7+ {[%emt 0:00:05]} Kf6 {[%emt 0:00:26]} 34. Bd1 {[%emt 0:02:37]} Bxh4 {[%emt 0:00:23]} 35. Be2 {[%emt 0:00:14]} b4 {[%emt 0:00:09]} 36. f4 {[%emt 0:01:18]} g5 {[%emt 0:02:40]} 37. e5+ {[%emt 0:02:48]} Kg6 {[%emt 0:00:16]} 38. Bb5 {[%emt 0:01:19]} Bg3 {[%emt 0:01:49]} 39. fxg5 {[%emt 0:00:47]} Rxe5+ {[%emt 0:02:16]} 40. Kf3 {[%emt 0:00:25]} Bh4 {[%emt 0:03:21]} 41. g4 {[%emt 0:09:19]} Bxg5 {[%emt 0:01:28]} 42. Be8 {[%emt 0:00:30]} Re3+ {[%emt 0:00:22]} 43. Kf2 {[%emt 0:00:29]} Rb3 {[%emt 0:00:35]} 44. Rxf7 {[%emt 0:01:33]} Rxb2+ {[%emt 0:00:13]} 45. Kf3 {[%emt 0:00:53]} Kh6 {[%emt 0:02:26]} 46. Ra7 {[%emt 0:00:19]} Rb3+ {[%emt 0:01:48]} 47. Ke2 {[%emt 0:04:01]} Re3+ {[%emt 0:01:50]} 48. Kd1 {[%emt 0:00:40]} b3 {[%emt 0:06:07]} 49. Rxa5 {[%emt 0:06:09]} Bf6 {[%emt 0:02:00]} 50. Ba4 {[%emt 0:01:29]} b2 {[%emt 0:01:31]} 51. Rb5 {[%emt 0:03:16]} Bc3 $19 {[%emt 0:01:15]} 52. g5+ {[%emt 0:03:32]} Kg7 {[%emt 0:00:42]} 53. Rb7+ {[%emt 0:00:27]} Kf8 {[%emt 0:00:45]} 54. Rb8+ {[%emt 0:03:12]} Ke7 {[%emt 0:00:17]} 55. Rb7+ {[%emt 0:00:17]} Kd6 {[%emt 0:00:10]} 56. Rd7+ {[%emt 0:00:16]} Ke5 {[%emt 0:00:36]} 57. Kc2 {[%emt 0:01:13]} Re1 {[%emt 0:00:33]} 0-1

[Event "FRA-chT Top 12 2019"]
[Site "Brest"]
[Date "2019.05.21"]
[Round "4.8"]
[White "Bolon, Karelle"]
[Black "De Seroux, Camille"]
[Result "1/2-1/2"]
[WhiteElo "2018"]
[BlackElo "2143"]
[Annotator "TA"]
[PlyCount "140"]
[EventDate "2019.05.18"]
[EventType "team-tourn"]
[EventCountry "FRA"]
[SourceTitle "playchess.com"]
[Source "ChessBase"]
[SourceQuality "1"]

{[%evp 9,140,-11,-10,-10,0,-8,-12,-15,0,0,0,0,0,-1,0,0,0,0,10,0,2,0,2,-14,-20,-18,0,-34,6,-25,-34,-46,-36,-57,-60,-72,0,-88,-70,-93,0,-6,-5,-5,-5,-5,412,-69,0,0,0,-150,582,582,582,582,548,542,993,946,1437,536,531,210,277,134,137,140,153,143,224,118,939,943,844,269,239,148,171,160,252,99,95,0,0,0,0,0,0,4,438,0,0,0,0,0,0,0,0,0,0,0,0,-274,-274,-274,-274,-267,-267,-267,-267,-267,-267,-267,-260,-260,-260,-260,-260,-243,-220,-249,-220,-220,-220,-29969,-212,-197,0,0,0,0,0]} 1. f4 c5 2. Nf3 Nc6 3. e3 Nf6 4. Be2 (4. d4 g6 5. c3 Bg7 6. Bd3 d6 7. O-O O-O 8. Qe2 e5 9. dxe5 dxe5 10. e4 Nh5 11. f5 Nf4 12. Bxf4 exf4 13. Na3 Re8 14. Qc2 a6 15. Rad1 Qc7 {0-1 (27) Krapivin,A (2478)-Romanov,E (2501) St Petersburg 2007}) 4... b6 5. b3 Bb7 6. Bb2 $1 {A02: Bird's Opening} e6 7. O-O Be7 8. Ne5 d6 $146 ({Predecessor:} 8... O-O 9. Bf3 d5 10. d3 Nd7 11. Nxc6 Bxc6 12. Nd2 Bf6 13. Bxf6 Nxf6 {0-1 (54) Engelen,J (1965)-Oltean,G (2054) Budapest 2017}) 9. Nxc6 Bxc6 10. Bf3 d5 11. d3 O-O 12. Nd2 Qc7 13. Qe1 Nd7 14. e4 d4 (14... Qxf4 $2 15. exd5 Bh4 16. g3 $18) 15. e5 b5 16. Ne4 Nb6 17. Qg3 Nd5 18. Rae1 Qd8 19. Qg4 Rc8 (19... Ne3 $6 20. Rxe3 $1 {[%mdl 512]} dxe3 21. Nf6+ Kh8 22. Qh4 $1 $16 {[%mdl 512]} (22. Bxc6 gxf6 23. Bxa8 f5 $16)) 20. Bc1 Nb4 21. Re2 Nxa2 22. Bd2 {[#]} Nb4 (22... c4 $1 $17 {[%mdl 512]}) 23. Bxb4 (23. Ng3 $11) 23... cxb4 $17 24. Ng3 {next f5 is good for White.} g6 (24... Bd7 $1 $17 25. Be4 Rc5) 25. Bxc6 $11 Rxc6 26. f5 $1 exf5 27. Nxf5 {Black should prevent Nh6+.} Bc5 $2 {[%mdl 8192]} (27... h5 $11 28. Nxe7+ Qxe7 29. Qxd4 Qc5 30. Qxc5 Rxc5) 28. Rf3 $2 (28. Nh6+ $18 Kg7 29. Nxf7 $1 {[%mdl 512]}) 28... Qc8 (28... Kh8 $15 29. Ng3 f6) 29. Nh6+ {[%cal Bf5h6,Bh6g4,Bg4f6][%mdl 32]} Kg7 30. Qf4 (30. Qh4 $11) 30... Qe6 $2 (30... f5 $17 {keeps the pressure on.} 31. Qg5 Kh8) 31. Ng4 $1 $18 {Intending Qh6+ and mate.} g5 32. Qxg5+ Qg6 33. Qh4 Ra6 34. Nf6 Kh8 35. Re1 (35. Rg3 $142 Ra1+ 36. Kf2 Qf5+ 37. Rf3) 35... Be7 36. Qxd4 $2 (36. Ref1 h6 37. Rg3) 36... Rc6 {Strongly threatening ...Bc5.} 37. Qf2 (37. Nd7 $18 {and White stays clearly on top.} Re8 38. e6+ f6 39. Rxf6 (39. Qxa7 Rxc2 40. Rg3 Qh6 $16) 39... Bxf6 40. Nxf6) 37... Bxf6 $16 38. Rxf6 Rxf6 39. exf6 {[%mdl 4096] Endgame KQR-KQR} (39. Qxf6+ $6 Qxf6 40. exf6 a5 $14) 39... h6 (39... a5 $16 40. Ra1 Ra8) 40. Re3 (40. Qxa7 $18 Rc8 41. Re2) 40... Qg5 $2 {[%mdl 8192]} (40... Qh5 $16 41. d4 a5) 41. h4 $18 Qh5 42. Qf4 $2 (42. Qg3 {[%csl Gf6][%cal Rg3g7]} Qg6 43. Qf4) 42... Rg8 43. Re5 Qg6 {[%csl Gg8][%cal Rg6g2]} 44. Qf3 a6 (44... Qg4 $16 {keeps fighting.} 45. Qf2 a5) 45. h5 $2 (45. Re4 $18 {is more deadly.}) 45... Qg4 $16 46. Qf2 ({White should try} 46. Qxg4 $16 Rxg4 47. Re7) 46... Qd1+ $11 47. Kh2 Rg5 48. Rxg5 hxg5 {KQ-KQ} 49. Qf3 Qxc2 $2 {[%mdl 8192] [#]} (49... Qe1 $1 $11) 50. Qa8+ $2 (50. Qe3 $1 $18 {[%cal Re3e8] White threatens Qe8+ and mate.} Qc7+ 51. Kg1) 50... Kh7 {Hoping for ...Qc7+.} 51. Qf8 {[%csl Gf6][%cal Rf8g7]} ({Reject} 51. Qxa6 Qxd3 52. Qa8 Qe2 $17) 51... Qc7+ 52. g3 {[%csl Gf6][%cal Rf8g7]} Qc2+ {[%mdl 64] Double Attack} 53. Kh3 {[%csl Gf6][%cal Rf8g7]} g4+ $1 {[%mdl 64] Decoy} 54. Kxg4 {[%csl Gf6][%cal Rf8g7]} Qe2+ 55. Kf4 {[%csl Gf6][%cal Rf8g7]} Qf2+ 56. Kg5 $2 {[%mdl 8192]} (56. Ke4 $11 {and White has nothing to worry.} Qg2+ 57. Kf4 Qf2+ 58. Kg4 Qe2+ 59. Kg5 (59. Kf4 Qf2+ $11) 59... Qe5+ 60. Kg4 Qe6+ 61. Kg5 Qe5+ 62. Kg4 Qxf6 63. Qc5 (63. Qxb4 Qe6+ 64. Kf3 Qf5+ {[%mdl 64] Double Attack} 65. Kg2 Qxd3 $11)) 56... Qxg3+ $19 57. Kf5 Qxd3+ 58. Ke5 {[%csl Gf6][%cal Rf8g7]} Qg3+ 59. Kf5 Qf3+ 60. Kg5 {[%csl Gf6][%cal Rf8g7]} Qe3+ 61. Kf5 {[%csl Gf6][%cal Rf8g7]} Qe6+ 62. Kg5 {[%csl Gf6][%cal Rf8g7]} Qe5+ 63. Kg4 {[%csl Gf6][%cal Rf8g7]} Qxf6 {And now ...Qg7+ would win.} 64. Qxb4 Qe6+ 65. Kg5 Qh6+ 66. Kh4 {[#]} Qe3 $1 67. Qg4 $2 (67. Qa3 $19) 67... Qe7+ $2 (67... Qe1+ {mates} 68. Kh3 Qh1+ 69. Kg3 Qg1+ 70. Kf3 Qxg4+ 71. Kxg4 a5 72. Kg5 a4 73. bxa4 bxa4 74. Kf5 a3 75. Kf6 a2 76. Ke5 a1=Q+ 77. Ke4 Qe1+ 78. Kd4 f5 79. Kc4 f4 80. Kd5 f3 81. Kc5 f2 82. Kd5 f1=Q 83. Kd6 Qa6+ 84. Kc7 Qe7+ 85. Kb8 Qe5#) 68. Kh3 Qe6 $2 ({Black should play} 68... Kh6 $19 {aiming for ...Qe3+.} 69. Qf3 a5) 69. Qxe6 $11 fxe6 70. b4 $1 a5 {Accuracy: White = 40%, Black = 41%.} 1/2-1/2

[Event "FRA-chT Top 12 2019"]
[Site "Brest"]
[Date "2019.05.22"]
[Round "5.1"]
[White "Amin, Bassem"]
[Black "Nihal Sarin"]
[Result "1-0"]
[WhiteElo "2704"]
[BlackElo "2598"]
[Annotator "RC"]
[PlyCount "59"]
[EventDate "2019.05.18"]
[EventType "team-tourn"]
[EventCountry "FRA"]
[SourceTitle "playchess.com"]
[Source "ChessBase"]
[SourceQuality "1"]
[TimeControl "40/5400+30:1800+30"]

1. Nf3 {[%emt 0:01:09]} Nf6 {[%emt 0:00:46]} 2. g3 {[%emt 0:00:08]} b5 {[%emt 0:00:09]} 3. Bg2 {[%emt 0:00:59]} Bb7 {[%emt 0:00:15]} 4. O-O {[%emt 0:00:17]} e6 {[%emt 0:01:12]} 5. d3 {[%emt 0:00:21]} c5 {[%emt 0:00:51]} 6. e4 {[%emt 0:01:49]} d6 {[%emt 0:00:18]} 7. a4 {[%emt 0:01:00]} b4 {[%emt 0:00:44]} 8. a5 {[%emt 0:04:07]} Be7 {[%emt 0:23:02]} 9. Nbd2 {[%emt 0:07:44]} O-O {[%emt 0:08:34]} 10. Nc4 {[%emt 0:01:32]} Nbd7 {[%emt 0:09:23]} 11. Bf4 {[%emt 0:12:06]} d5 {[%emt 0:10:03]} 12. a6 {[%emt 0:04:26]} Bc6 {[%emt 0:00:27]} 13. Na5 {[%emt 0:00:47]} Bb5 {[%emt 0:08:11]} 14. e5 {[%emt 0:01:19]} Ne8 {[%emt 0:02:11]} 15. c4 {[%emt 0:01:03]} bxc3 {[%emt 0:00:09]} 16. bxc3 {[%emt 0:00:09]} Rc8 {[%emt 0:08:21]} 17. c4 {[%emt 0:13:50]} Bxa6 {[%emt 0:00:54]} 18. cxd5 {[%emt 0:01:08]} exd5 {[%emt 0:00:05]} 19. Bh3 {[%emt 0:00:34]} Nb6 {[%emt 0:12:04]} 20. Bxc8 {[%emt 0:02:15]} Qxc8 {[%emt 0:03:43]} 21. Nc6 {[%emt 0:00:13]} Qxc6 {[%emt 0:00:05]} 22. Rxa6 {[%emt 0:00:07]} Nc7 {[%emt 0:01:20]} 23. Rxa7 {[%emt 0:00:16]} Re8 {[%emt 0:00:01]} 24. Qb3 {[%emt 0:08:06]} Nc8 {[%emt 0:01:38]} 25. Ra5 {[%emt 0:14:16]} d4 {[%emt 0:02:24]} 26. e6 {[%emt 0:03:28]} Qxe6 {[%emt 0:02:51]} 27. Qb7 {[%emt 0:01:16]} Nd5 {[%emt 0:00:27]} 28. Re1 {[%emt 0:00:53]} Qb6 {[%emt 0:00:33]} 29. Qxb6 {[%emt 0:00:54]} Ncxb6 {[%emt 0:00:11]} 30. Bd6 {[%emt 0:01:45]} 1-0

[Event "FRA-chT Top 12 2019"]
[Site "Brest"]
[Date "2019.05.22"]
[Round "5.1"]
[White "Fedorchuk, Sergey A."]
[Black "Bacrot, Etienne"]
[Result "1/2-1/2"]
[WhiteElo "2620"]
[BlackElo "2678"]
[Annotator "TA"]
[PlyCount "41"]
[EventDate "2019.05.18"]
[EventType "team-tourn"]
[EventCountry "FRA"]
[SourceTitle "playchess.com"]
[Source "ChessBase"]
[SourceQuality "1"]

{[%evp 18,41,23,22,26,10,10,6,13,9,11,0,0,0,0,0,0,0,0,0,0,0,0,-7,-4,-13]} 1. e4 e5 2. Nf3 Nc6 3. Bb5 Nf6 4. O-O Nxe4 5. Re1 Nd6 6. Nxe5 Be7 7. Bf1 Nxe5 8. Rxe5 O-O 9. d4 Bf6 10. Re1 Re8 {C67: Ruy Lopez: Berlin Defence: 4 0-0 Nxe4} 11. Rxe8+ (11. c3 Rxe1 12. Qxe1 Ne8 13. d5 c6 14. Qd1 b6 15. Bf4 Bb7 16. dxc6 dxc6 17. Nd2 c5 18. Nc4 Qxd1 19. Rxd1 {½-½ (40) Anand,V (2774)-Caruana,F (2819) Karlsruhe/Baden Baden 2019}) 11... Nxe8 {The position is equal.} 12. c3 d5 13. Bd3 g6 14. Bf4 c6 15. Nd2 Ng7 {[#]} 16. Nf3 $146 ({Predecessor:} 16. Qe2 Bf5 17. Bxf5 Nxf5 18. Re1 {½-½ (29) Edouard,R (2627)-Bacrot,E (2704) Calvi 2014}) 16... Bf5 17. Bxf5 Nxf5 18. Qe2 Ng7 19. Re1 Qd7 20. Be5 Re8 21. Qd2 {Accuracy: White = 70%, Black = 100%.} 1/2-1/2

[Event "FRA-chT Top 12 2019"]
[Site "Brest"]
[Date "2019.05.22"]
[Round "5.1"]
[White "Donchenko, Alexander"]
[Black "Villegas, Pierre"]
[Result "1-0"]
[WhiteElo "2595"]
[BlackElo "2354"]
[Annotator "TA"]
[PlyCount "55"]
[EventDate "2019.05.18"]
[EventType "team-tourn"]
[EventCountry "FRA"]
[SourceTitle "playchess.com"]
[Source "ChessBase"]
[SourceQuality "1"]

{[%evp 9,55,13,18,-13,0,-3,0,0,-12,-23,1,0,48,44,74,48,44,20,29,21,23,4,30,-7,0,-18,-25,-14,0,-33,-21,-25,7,-29,20,69,84,102,183,170,164,163,176,162,158,176,603,595]} 1. c4 e6 2. g3 d5 3. Bg2 Nf6 4. Nf3 d4 5. d3 (5. O-O c5 6. e3 Nc6 7. exd4 cxd4 8. d3 Bd6 9. Bg5 h6 10. Bxf6 Qxf6 11. Nbd2 Qe7 12. a3 a5 13. Ne4 Bc7 14. b4 axb4 15. axb4 Rxa1 16. Qxa1 Qxb4 {0-1 (43) Maghsoodloo,P (2673)-Matlakov,M (2692) Sharjah 2019}) 5... c5 6. e4 {A13: English Opening: 1...e6} Nc6 7. e5 Nd7 8. Bf4 $146 {The position is equal.} ({Predecessor:} 8. Qe2 Qc7 9. Bf4 h6 10. h4 b6 11. Na3 a6 12. Nc2 Bb7 {½-½ (59) Kulon,K (2346)-Zatonskih,A (2424) Germany 2017}) 8... Be7 9. h4 O-O 10. Nbd2 f6 {[%cal Rf6e5]} 11. exf6 gxf6 12. Ne4 e5 13. Bh6 Rf7 $1 14. g4 Nf8 $1 15. Bh3 Ne6 16. Qe2 {[#]} b5 $1 {[%mdl 512]} 17. b3 (17. cxb5 Nb4) 17... bxc4 18. bxc4 Rb8 19. Kf1 Kh8 20. Bc1 Qc7 21. Ng3 Ng7 22. h5 Bd7 23. Nh4 Nd8 (23... Qc8 $16 {is a better defense.}) 24. Bg2 $18 Bc6 25. Bd5 Bxd5 26. cxd5 Qd7 27. Qf3 Nb7 $2 {[#]} (27... Kg8 28. Rg1 Rb6) 28. g5 $1 {[%mdl 512] Accuracy: White = 55%, Black = 31%.} 1-0

[Event "FRA-chT Top 12 2019"]
[Site "Brest"]
[Date "2019.05.22"]
[Round "5.1"]
[White "Santos Ruiz, Miguel"]
[Black "Vachier-Lagrave, Maxime"]
[Result "1/2-1/2"]
[WhiteElo "2549"]
[BlackElo "2780"]
[Annotator "TA"]
[PlyCount "56"]
[EventDate "2019.05.18"]
[EventType "team-tourn"]
[EventCountry "FRA"]
[SourceTitle "playchess.com"]
[Source "ChessBase"]
[SourceQuality "1"]

{[%evp 13,56,10,14,8,28,5,43,40,47,40,39,42,47,33,34,34,45,25,39,29,18,35,61,52,54,11,14,22,18,0,9,16,12,18,6,0,1,0,0,-9,9,0,0,0,0]} 1. e4 c5 2. Nf3 d6 3. d4 cxd4 4. Nxd4 Nf6 5. Nc3 a6 6. h3 e5 7. Nde2 b5 8. g4 {B90: Sicilian Najdorf: Unusual White 6th moves, 6 Be3 Ng4 and 6 Be3 e5} (8. Ng3 Nbd7 9. Bg5 h6 10. Be3 Bb7 11. Bd3 h5 12. Bg5 g6 13. O-O Be7 14. a3 h4 15. Nge2 Nc5 16. Bxf6 Bxf6 {1-0 (48) Dominguez Perez,L (2739)-Vachier Lagrave,M (2779) chess.com INT 2018}) 8... Bb7 9. Bg2 b4 10. Nd5 {White is slightly better.} Nxd5 11. exd5 Be7 12. a3 a5 13. Be3 O-O 14. Qd2 Nd7 $146 ({Predecessor:} 14... Na6 15. O-O Qc7 {1-0 (33) Codenotti,M (2473)-Simoni,G (2030) Trieste 2016}) 15. axb4 axb4 16. O-O Ba6 17. Rfc1 Qc7 18. Ng3 Rfb8 $1 19. c4 {[#] Hoping for c5!} bxc3 $1 {The position is equal.} 20. Rxc3 Qd8 21. Rca3 Bb5 22. Rxa8 Rxa8 23. Rxa8 Qxa8 24. Qb4 Qa6 25. Ne4 Bd3 26. Qa3 Kf8 27. Qxa6 Bxa6 28. Bf1 Bb7 {Accuracy: White = 64%, Black = 48%.} 1/2-1/2